La Inquisició́n española / (Record no. 94133)
[ view plain ]
| 000 -LEADER | |
|---|---|
| campo de control de longitud fija | 00745cam a2200265M 4500 |
| 001 - NÚMERO DE CONTROL | |
| campo de control | 37716 |
| 005 - FECHA Y HORA DE LA ÚLTIMA TRANSACCIÓN | |
| campo de control | 20230410142343.0 |
| 008 - DATOS DE LONGITUD FIJA--INFORMACIÓN GENERAL | |
| campo de control de longitud fija | 890817s1960 mx 000 0 spa d |
| 035 ## - NÚMERO DE CONTROL DEL SISTEMA | |
| Número de control de sistema | (OCoLC)ocm20194053 |
| 040 ## - FUENTE DE CATALOGACIÓN | |
| Centro catalogador/agencia de origen | CNE |
| Centro/agencia transcriptor | CNE |
| Centro/agencia modificador | OCL |
| -- | OCLCQ |
| 035 ## - NÚMERO DE CONTROL DEL SISTEMA | |
| Número de control de sistema | (OCoLC)20194053 |
| 043 ## - CÓDIGO DE ÁREA GEOGRÁFICA | |
| Código de área geográfica | e-sp--- |
| 049 ## - FONDOS LOCALES (OCLC) | |
| Biblioteca depositaria | GRAL |
| 050 14 - SIGNATURA TOPOGRÁFICA DE LA BIBLIOTECA DEL CONGRESO | |
| Número de clasificación | BX 1735 |
| Número de ítem | T931i 1960 |
| 100 1# - ENTRADA PRINCIPAL--NOMBRE DE PERSONA | |
| Nombre de persona | Turberville, Arthur Stanley, |
| Fechas asociadas al nombre | 1888-1945. |
| 245 13 - MENCIÓN DEL TÍTULO | |
| Título | La Inquisició́n española / |
| Mención de responsabilidad, etc. | por A. S. Turberville. |
| 250 ## - MENCION DE EDICION | |
| Mención de edición | 4a ed. en español |
| 260 ## - PUBLICACIÓN, DISTRIBUCIÓN, ETC. | |
| Lugar de publicación, distribución, etc. | México : |
| Nombre del editor, distribuidor, etc. | Fondo de Cultura Económica, |
| Fecha de publicación, distribución, etc. | c1960. |
| 300 ## - DESCRIPCIÓN FÍSICA | |
| Extensión | 153 p. |
| 440 #0 - MENCIÓN DE SERIE/PUNTO DE ACCESO ADICIONAL--TÍTULO | |
| Título | Breviarios ; |
| Designación de volumen o secuencia | 2 |
| 650 #0 - PUNTO DE ACCESO ADICIONAL DE MATERIA--TÉRMINO DE MATERIA | |
| Término de materia o nombre geográfico como elemento de entrada | Inquisition |
| Subdivisión geográfica | Spain. |
| 650 #4 - PUNTO DE ACCESO ADICIONAL DE MATERIA--TÉRMINO DE MATERIA | |
| Término de materia o nombre geográfico como elemento de entrada | Inquisición |
| Subdivisión geográfica | España |
| 942 ## - ELEMENTOS DE ENTRADA SECUNDARIOS (KOHA) | |
| Fuente del sistema de clasificación o colocación | Clasificación de Library of Congress |
| Tipo de ítem Koha | |
| 994 ## - | |
| -- | C0 |
| -- | DRFGD |
| Estatus retirado | Estado de pérdida | Fuente del sistema de clasificación o colocación | Estado de daño | No para préstamo | Colección | Biblioteca de origen | Biblioteca actual | Ubicación en estantería | Fecha de adquisición | Serial enumeration / chronology | Signatura topográfica completa | Código de barras | Visto por última vez | Copia número | Tipo de ítem Koha |
|---|---|---|---|---|---|---|---|---|---|---|---|---|---|---|---|
| Clasificación de Library of Congress | Humanidades | Biblioteca Juan Bosch | Biblioteca Juan Bosch | Humanidades (4to. Piso) | 10/04/2023 | 1 | BX 1735 T931i 1960 | 00000038999 | 17/11/2018 | 1 |
